History - American | 0 | 6 | 0 | 0 | 60 | 81 | 95.83 | 0 | 0 |
History - World | 0 | 5 | 0 | 0 | 50 | 84 | 107.60 | 0 | 0 |
History - Cross, Historiography, and Miscellaneous | 1 | 3 | 0 | 0 | 45 | 60 | 81.50 | 0 | 0 |
Geography - World | 0 | 3 | 0 | 0 | 30 | 70 | 95.33 | 0 | 0 |
RMP - Islam | 0 | 3 | 0 | 0 | 30 | 88 | 100.00 | 0 | 1 |
Fine Arts - Painting | 1 | 1 | 0 | 0 | 25 | 53 | 94.50 | 0 | 0 |
Literature - World and Miscellaneous | 1 | 1 | 0 | 0 | 25 | 49 | 91.00 | 0 | 1 |
Geography - United States | 0 | 2 | 0 | 0 | 20 | 63 | 67.00 | 0 | 0 |
Current Events - U.S. | 1 | 0 | 0 | 0 | 15 | 41 | 41.00 | 0 | 1 |
Other - Other Academic and General Knowledge | 1 | 0 | 0 | 0 | 15 | 57 | 57.00 | 0 | 0 |
RMP - Hinduism | 0 | 1 | 0 | 0 | 10 | 76 | 76.00 | 0 | 0 |
Current Events - World | 0 | 1 | 0 | 0 | 10 | 72 | 72.00 | 0 | 0 |
Literature - American | 0 | 1 | 0 | 0 | 10 | 70 | 70.00 | 0 | 0 |
Literature - European | 0 | 1 | 0 | 0 | 10 | 91 | 91.00 | 0 | 0 |
Fine Arts - Miscellaneous | 0 | 1 | 0 | 0 | 10 | 109 | 109.00 | 0 | 0 |
Social Science - Linguistics | 0 | 1 | 0 | 0 | 10 | 104 | 104.00 | 0 | 0 |
RMP - Buddhism | 0 | 1 | 0 | 0 | 10 | 120 | 120.00 | 0 | 0 |
Fine Arts - Music | 0 | 1 | 0 | 0 | 10 | 124 | 124.00 | 0 | 0 |
Fine Arts - Sculpture | 0 | 0 | 0 | 0 | 0 | | 0.00 | 0 | 0 |
RMP - Greco-Roman Mythology | 0 | 0 | 0 | 0 | 0 | | 0.00 | 0 | 0 |
RMP - Other Religion | 0 | 0 | 0 | 0 | 0 | | 0.00 | 0 | 0 |
Science - Math | 0 | 0 | 0 | 0 | 0 | | 0.00 | 0 | 0 |
History - European | 0 | 0 | 0 | 0 | 0 | | 0.00 | 0 | 0 |